| 000 | 01095nam a2200337 a 4500 | ||
|---|---|---|---|
| 001 | 991010393219706706 | ||
| 003 | ES-BaIT | ||
| 005 | 20241209170120.0 | ||
| 008 | 020207s2001 sp |||||| 001 ||spa|c | ||
| 017 | _aDL SE. 6384-2007 | ||
| 020 | _a9788484830511 | ||
| 020 | _a8484830519 | ||
| 035 | _a(ES-BaCBU).b27470313 | ||
| 035 | _a(OCoLC)807694579 | ||
| 040 |
_aES-BaCBU _bcat _cES-BaCBU |
||
| 100 | 1 |
_aGómez Alonso, Rafael _9165045 |
|
| 245 | 1 | 0 |
_aAnálisis de la imagen : _bestética audiovisual / _cRafael Gómez Alonso |
| 260 |
_aMadrid : _bLaberinto, _ccop. 2001 |
||
| 300 |
_a189 p. : _bil.; _c24 cm |
||
| 490 | 1 |
_aComunicación / Laberinto ; _v5 |
|
| 504 | _aBibliografia | ||
| 650 | 7 |
_aComunicació visual _2lemac _956484 |
|
| 650 | 7 |
_aEstètica _2lemac _956849 |
|
| 650 | 0 | 0 |
_aImatges _xAnàlisi _9138358 |
| 650 | 0 | 7 |
_aComunicació audiovisual _xEstètica _956477 |
| 830 |
_aComunicación (Laberinto) _v5 _994727 |
||
| 907 |
_a.b27470313 _b18-06-21 _c08-05-08 _d07-02-02 _em _fa _g- _hspa _isp _j0 _k3 |
||
| 908 |
_aUAB _aUPF _aURL _aUB _aCDMAE |
||
| 940 | _aUAB | ||
| 942 |
_2udc _c1 |
||
| 999 |
_c135792 _d135792 |
||